MDQL
is popping MORE tags! Check the
thread
!
Quizzes
Events
Quiz Creation
Community
Videos
Private Events
Remove Ads
Sign In
Join for FREE
Feedback
Dark Mode
Quiz Categories
Sports
Geography
Music
Movies
Television
Just For Fun
Miscellaneous
History
Literature
Language
Science
Gaming
Entertainment
Religion
Holiday
For Kids
Quiz Lab
Recent
Popular Today
Quiz Kudos Today
Editor Picks
Curator Picks
Quizzes by...
Day
Popularity
Type
Ratings
Length
Year
Community
Subscriptions
Recent Discussions
Orange Saloon
Badges
Playlists
Quests
Create
Leaderboards
Showdown
Live 5
Trivia Bingo
Activity
Puzzle Library
Sporcle Events
Private Events
Virtual Trivia
Globe League
Become a Host
Pub Owners
SporcleCon
Opinionation
Our Games
Videos
Blog
Mobile Apps
Partnerships
Remove Ads and Go Orange
Feedback
History
US Presidents
World Leaders
Politics
Nation
Discovery
War
Decade
Year
Century
Biography
Art
History
US Presidents
World Leaders
Politics
Nation
Discovery
War
Decade
Year
Century
Biography
Art
Random Quiz
Search Sporcle
×
Quiz Lab
Quiz Lab
History
Famous
Type in answers that appear in a list
Type in answers that appear in a list
Classic
Best Score? Go Orange.
Famous last 'Bad Ass' words... Stats
Can you name the person who left with these 'bad ass' last words?
By
sherbel
8m
10 Questions
114 Plays
114 Plays
114 Plays
Comments
Comments
Give Quiz Kudos
Give Quiz Kudos
-
- Ratings
hide this ad
More Info
Replay
Link that replays current quiz
Next Quiz
Link to next quiz in quiz playlist
You Got
0%
They Got
Avg Score
20%
Avg Friend Score
Upgrade to see
Score Distribution
Jump to the score distribution portion of the page
Score
0/10
Timer
08:00
0
Plays Today
The Clue
Who Said It
% Correct
Before being executed by electric chair, this convicted murderer said...'Hey Fellas! How about this for a headline for tomorrows paper? 'French Fries'.'
James French
61.4%
This famous revolutionist last said...'I know you've come to kill me. Shoot, you are only going to kill a man.'
Che Guevara
50.9%
Facing 43 Indian Affairs Police, this famous person said...'I am not going. Do with me what you like. I am not going. Come On! Come On! Take action, Let's go!'
Chief Sitting Bull
36%
On his death bed, this philosopher was asked to renounce Satan but uttered...'Now, now my good man, this is no time for making enemies.'
Voltaire
33.3%
This farmer and accused witch of Colonial Law said 'More Weight' while being crushed to death with stones.
Giles Corey
13.2%
This iconic actress and alleged lesbian requested this before dying...'Codeine...Bourbon...'
Tallulah Bankhead
7%
Before being executed, this serial killer said...'Hurry up you Hoosier bastard, I could kill ten men while you're fooling around.
Carl Panzram
0.9%
This union activist denied clemency of his own hanging left with these parting words...'Hurrah for anarchy! This is the happiest moment of my life.'
George Engel
0.9%
After shaking the hand of each man in the firing squad this Irish Nationalist gave this advice...'Take a step forward lads -
it'll be easier that way.'
Robert Erskine Childers
0.9%
This convicted murderer said these words before being hung early in the morning...'I'll be in hell before you start breakfast! Let her rip!'
Tom 'Black Jack' Ketchum
0%
Quiz Playlist
Details
Report
Send in Message
Add To Playlist
More Info:
JUST CLICK ON 'GIVE UP'!!!
Classic:
Type in answers that appear in a list
Last Updated: Feb 16, 2017
Quiz Scoreboard
CHALLENGE
Sign Up to Join the Scoreboard
Show All
Scores
Hide
Comments
May contain spoilers
Recently Published
Two Season TV Shows II
by 123Four
Television
10m
Image Sorting: Flags VI
by Barbecue
Geography
2m
Find the 'City' Movie
by crazypaving
Movies
60s
More to Explore
Quiz From the Vault
Featured Blog Post
14 Easter Pick-up Lines to Find Eggs With
hide this ad
You Might Also Like...
Tags
Famous Quiz
last
Person
Today's Top Quizzes in History
Browse History
hide this ad
Today's Top Quizzes in Famous
Browse Famous
Top Contributed Quizzes in History
1
I Am Born On March 29th
2
Order Up: 1000 Years of World Events I
3
US National Parks Named After People
4
Popular People in 1991
5
Popular People in 1951
6
Popular People in 1941
7
Popular People in 1981
8
Popular People in 1921
9
Popular People in 1986
10
Popular People in 1976
Explore More
Trending Topics
Marvel
Crossword
Disney
Harry Potter
Anime
Kpop
NBA
The Office
Country
Pokémon
NFL
Song
Puzzle
Soccer
WWE
hide this ad
More By:
sherbel
Quiz
Plays
Rating
Category
Featured
Created
Keyboard Speed Test - 1 Minute
1,192
1.73
Just For Fun
Jun 11, 2010
Guitarists - Who Am I?
266
4.25
Music
Jun 6, 2010
Famous last 'Bad Ass' words...
114
3.33
History
Jun 6, 2010
Van Halen Songs?
63
2.00
Music
Jun 6, 2010
Go to Creator's Profile
Score Distribution
Quiz Creator Spotlight
sherbel
Follow
Send a Message
Quizzes Created
-
Created Quiz Play Count
-
More By This Creator
Popular Quizzes Today
1
Colored Red Africa Blitz
2
Find the US States - No Outlines Minefield
3
Find the 'City' Movie
4
5x2 Blitz: Bands
5
The Countries of the World
6
Find the US States
7
Find the Countries of Europe - No Outlines Minefield
8
US States
More History Quizzes
Allies AND Enemies!
Editor's Pick
Trending Quizzes
Colored Red Europe Blitz I
Colored Red Africa Blitz II
Colored Red Europe Blitz II
Colored Red Africa Blitz III
Colored Red Europe Blitz III
Recently Updated
How Do You Spell That?
pecheneg
Godzilla Movies
pecheneg
Grab Bag: 4-10 Letters
pecheneg
2024 March Madness Bracket
pecheneg
Famous TV Couples
Peacemaker
Champions League XIs: Real Madrid
pecheneg
Largest US Cities 1790-2010
pecheneg
Rides in Walt Disney World
pecheneg
Most Oscar Losses (Acting)
pecheneg
Beyoncé Albums
pecheneg
Trending Topics
Crossword
NBA
Disney
Anime
Marvel
Kpop
Harry Potter
WWE
Puzzle
Country
NFL
Pokémon
The Office
Soccer
Song
Your Account Isn't Verified!
In order to create a playlist on Sporcle, you need to verify the email address you used during registration. Go to your
Sporcle Settings
to finish the process.
Report this User
Report this user for behavior that violates our
Community Guidelines
.
Details:
Send Report
Go to the Sporcle.com Mobile Site →
Comments